Statistics for All Municipalities of Nógrád County, Hungary on a Map

Click here to take the quiz!

General Stats

  • This quiz has been taken 20 times
  • The average score is 31 of 131

Answers on the Map

Answers color-coded by a green-red scale on the quiz's map according to % correct below.
 

Answer Stats

Answer% Correct
Nógrád
85%
Salgótarján
77%
Balassagyarmat
69%
Rétság
54%
Szécsény
54%
Bátonyterenye
46%
Hollókő
46%
Ipolytarnóc
46%
Diósjenő
38%
Drégelypalánk
38%
Hont
38%
Kazár
38%
Mátraverebély
38%
Pásztó
38%
Szirák
38%
Szügy
38%
Bánk
31%
Becske
31%
Bér
31%
Buják
31%
Érsekvadkert
31%
Jobbágyi
31%
Karancslapujtő
31%
Karancsság
31%
Lucfalva
31%
Mátraszőlős
31%
Mátraterenye
31%
Somoskőújfalu
31%
Szuha
31%
Tar
31%
Alsópetény
23%
Alsótold
23%
Bercel
23%
Berkenye
23%
Cered
23%
Csécse
23%
Cserhátsurány
23%
Cserhátszentiván
23%
Csesztve
23%
Ecseg
23%
Egyházasdengeleg
23%
Felsőpetény
23%
Felsőtold
23%
Horpács
23%
Iliny
23%
Ipolyvece
23%
Kálló
23%
Karancsalja
23%
Karancskeszi
23%
Kétbodony
23%
Kisbárkány
23%
Kozárd
23%
Litke
23%
Magyargéc
23%
Márkháza
23%
Mátranovák
23%
Nagybárkány
23%
Nagykeresztúr
23%
Nagyoroszi
23%
Nemti
23%
Nógrádmarcal
23%
Nógrádsáp
23%
Nógrádsipek
23%
Nőtincs
23%
Ősagárd
23%
Romhány
23%
Ságújfalu
23%
Sámsonháza
23%
Szanda
23%
Szarvasgede
23%
Szécsénke
23%
Szendehely
23%
Szente
23%
Szurdokpüspöki
23%
Vizslás
23%
Zabar
23%
Bárna
15%
Bokor
15%
Borsosberény
15%
Cserháthaláp
15%
Csitár
15%
Debercsény
15%
Dejtár
15%
Dorogháza
15%
Egyházasgerge
15%
Endrefalva
15%
Erdőkürt
15%
Erdőtarcsa
15%
Etes
15%
Galgaguta
15%
Garáb
15%
Héhalom
15%
Herencsény
15%
Hugyag
15%
Ipolyszög
15%
Karancsberény
15%
Keszeg
15%
Kisbágyon
15%
Kisecset
15%
Kishartyán
15%
Kutasó
15%
Legénd
15%
Ludányhalászi
15%
Magyarnándor
15%
Mátramindszent
15%
Mátraszele
15%
Mihálygerge
15%
Mohora
15%
Nagylóc
15%
Nézsa
15%
Nógrádkövesd
15%
Nógrádmegyer
15%
Nógrádszakál
15%
Őrhalom
15%
Palotás
15%
Patak
15%
Patvarc
15%
Piliny
15%
Pusztaberki
15%
Rákóczibánya
15%
Rimóc
15%
Sóshartyán
15%
Szalmatercs
15%
Szátok
15%
Szécsényfelfalu
15%
Szilaspogony
15%
Terény
15%
Tereske
15%
Tolmács
15%
Vanyarc
15%
Varsány
15%

Score Distribution

Percentile by Number Answered

Percent of People with Each Score

Your Score History

You have not taken this quiz